000 01031cam a2200265 i 4500
999 _c7348
_d7348
001 vtls003025870
003 NUKAT
005 20190625143053.0
008 140214s1973 ru a |000 0 rusoc
035 _axx003025870
039 9 _a201708281314
_bpw
_c201703080010
_dAUTHORITY
_c201510301139
_dbuwr
_c201403200656
_dkopul
040 _aTOR U/FIZER
_cTOR U/FIZER
_dTOR U/FIZER
099 _ahh_746053
100 1 _aKapustin, Aleksandr Pavlovič
_d(1904-1984).
245 1 0 _aÈlektrooptičeskie i akustičeskie svojstva židkih kristallov /
_cA. P. Kapustin ; Akademiâ Nauk SSSR. Ordena Trudovogo Krasnogo Znameni Institut Kristallografii im A. V. Šubnikova.
260 _aMoskva :
_bIzdatel'stvo "Nauka",
_c1973.
300 _a231, [1] s. :
_bil. ;
_c21 cm.
504 _aBibliogr. s. 226-230.
710 2 _aIzdatelʹstvo "Nauka".
_4pbl
942 _2ddc
_cBK